00856nam a2200277Ia 450000500170000000800410001702000180005808200150007610000200009124500530011125000180016430000410018249000260022350000270024965000330027665000280030965000230033765000190036094200120037926400490039133600270044033700330046733800280050004000350052899900150056320220317001151.0160825s2003 mx a g 000 0 spa  a978968166901204a553 bN18i1 aNava, Alejandro13aLa inquieta superficie terrestrecAlejandro Nava a3a. edición a185 páginasbilustracionesc21 cm  aLa ciencia para todos aIncluye bibliografía142LEMBaTectónica de placas 142LEMBaFondo oceánico 142LEMBaGeofísica 142LEMB aTierra  2ddccBK aMéxicobFondo de Cultura Económicac2003 atextobtxt2rdacontent asin mediaciónbn2rdamedia avolumenbnc2rdacarrier aCO-BoRNBPbspaerdacCO-BoRNBP c6129d6129